Indicators of Knowledge Autonomy Case Study of Slovak and Czech Municipalities
Základnou dimenziou znalostnej ekonomiky je fakt, že je založená na vedomostiach a inovácii. Miestna správa a znalostná ekonomika. Prieskum v slovenských a českých samosprávach - pozícia znalostnej ekonomiky. Metódy, výsledky prieskumu. Diskusia.
Salvato in:
| Autore principale: | |
|---|---|
| Altri autori: | , |
| Natura: | Capitolo di libro |
| Lingua: | inglese |
| Soggetti: | |
| Tags: |
Nessun Tag, puoi essere il primo ad aggiungerne!!
|
MARC
| LEADER | 00000naa a2200000 4500 | ||
|---|---|---|---|
| 001 | 0150543 | ||
| 005 | 20240502083344.5 | ||
| 041 | 0 | |a eng | |
| 044 | |a CZ | ||
| 245 | 1 | 0 | |a Indicators of Knowledge Autonomy |b Case Study of Slovak and Czech Municipalities |c Elena Žárska, Martina Halásková, Milan Galata |
| 520 | |a Základnou dimenziou znalostnej ekonomiky je fakt, že je založená na vedomostiach a inovácii. Miestna správa a znalostná ekonomika. Prieskum v slovenských a českých samosprávach - pozícia znalostnej ekonomiky. Metódy, výsledky prieskumu. Diskusia. | ||
| 610 | 2 | 0 | |a ekonomika znalostná |
| 610 | 2 | 0 | |a správa miestna |
| 610 | 2 | 0 | |a inovácia |
| 610 | 2 | 0 | |a prieskum |
| 610 | 2 | 0 | |a Slovensko |
| 610 | 2 | 0 | |a Česko |
| 100 | 1 | |a Žárska, Elena, 1955- | |
| 700 | 1 | |a Halásková, Martina | |
| 700 | 1 | |a Galata, Milan | |